Educación física para niños con necesidades educativas especiales (Registro nro. 9119)
[ vista simple ]
| 000 -CABECERA | |
|---|---|
| campo de control de longitud fija | 00834ntm a22002897a 4500 |
| 005 - FECHA Y HORA DE ACTUALIZACIÓN | |
| campo de control | 20170323133426.0 |
| 008 - LONGITUD FIJA | |
| campo de control de longitud fija | 170323b xxu||||| |||| 00| 0 spa d |
| 020 ## - INTERNATIONAL STANDARD BOOK NUMBER | |
| Número Internacional Estándar del Libro | 9968314722 |
| 041 ## - IDIOMA | |
| Código de idioma del texto/pista de sonido o título separado | |
| 082 ## - CLASIFICACIÓN DECIMAL DEWEY | |
| Número de clasificación | 372.86 Ch431e |
| 100 ## - AUTOR PERSONAL | |
| Nombre de persona | Chacón Ramírez, Miriam |
| 245 ## - TÍTULO PROPIAMENTE DICHO | |
| Título | Educación física para niños con necesidades educativas especiales |
| 260 ## - PIE DE IMPRENTA | |
| Lugar de publicación, distribución, etc. | Costa Rica |
| 260 ## - PIE DE IMPRENTA | |
| Nombre del editor, distribuidor, etc. | EUNED |
| 260 ## - PIE DE IMPRENTA | |
| Fecha de publicación, distribución, etc. | 2010 |
| 300 ## - DESCRIPCIÓN FÍSICA | |
| Extensión | 184 páginas |
| 650 ## - Materia General | |
| Materia general | COSTA RICA |
| 650 ## - Materia General | |
| Materia general | EDUCACIÓN FÍSICA |
| 650 ## - Materia General | |
| Materia general | EDUCACIÓN ESPECIAL |
| 650 ## - Materia General | |
| Materia general | PROBLEMAS EMOCIONALES |
| 650 ## - Materia General | |
| Materia general | DESARROLLO MOTOR |
| 650 ## - Materia General | |
| Materia general | DESARROLLO SENSORIO-PERCEPTUAL |
| 650 ## - Materia General | |
| Materia general | TEORÍAS DEL JUEGO |
| 650 ## - Materia General | |
| Materia general | TIPOS DE JUEGOS |
| 650 ## - Materia General | |
| Materia general | RECREACIÓN |
| 942 ## - Punto de Acceso Adicional Koha | |
| Tipo de ítem Koha | Libro |
| Estado perdido | Estado dañado | No para préstamo | Biblioteca permanente | Biblioteca actual | Signatura completa | Código de barras | Precio efectivo a partir del | Tipo de ítem |
|---|---|---|---|---|---|---|---|---|
| Departamento de Biblioteca y Documentación Alfonso Chase Brenes | Departamento de Biblioteca y Documentación Alfonso Chase Brenes | 372.86 Ch431e | 21817 | 23/03/2017 | Libro |